[Event "SF Schwerte 1 - SK Münster 2"]
[Site "NRW-Klasse, Gruppe 2 2010/201"]
[Date "2011.04.03"]
[Round "9.8"]
[White "Vorschuetz, Stefan"]
[Black "Kaufhold, Thomas"]
[Result "1/2-1/2"]
[WhiteElo "2004"]
[BlackElo "1986"]
[Annotator "Hausrath,Daniel"]
[PlyCount "176"]
[EventDate "2011.??.??"]

1. e4 Nf6 2. e5 Nd5 3. Nf3 d6 4. d4 Bg4 5. Be2 e6 6. O-O Be7 7. h3 Bh5 8. exd6
cxd6 9. Nbd2 Nc6 10. c3 O-O 11. Ne4 Bg6 12. Bd3 Qb6 13. h4 h6 14. Ng3 Bxd3 15.
Qxd3 Rac8 16. Re1 Na5 17. Nh5 Qd8 18. g3 a6 19. Nf4 Nf6 20. Qe2 d5 21. Nxe6
fxe6 22. Qxe6+ Kh7 23. Qxe7 Qb6 24. Qe2 Ne4 25. Bf4 Nc4 26. b3 Ncd6 27. Ne5 Rf5
28. Qg4 Rxc3 29. Qg6+ Kg8 30. Qe6+ Kh7 31. Rxe4 dxe4 32. Nc4 Qxd4 33. Nxd6 Ra5
34. Rf1 Rc6 35. Qe7 Rd5 36. Nxe4 Rd7 37. Qe5 Qxe5 38. Bxe5 Rc2 39. Nc3 Rd3 40.
a3 Rcxc3 41. Bxc3 Rxc3 42. Rb1 b5 43. a4 b4 44. Kg2 h5 45. Re1 Rxb3 46. Re6 Ra3
47. Rxa6 b3 48. Rb6 Rxa4 49. Rxb3 Ra2 50. Kf3 Ra4 51. Re3 Kg6 52. Re4 Ra2 53.
Re5 Ra4 54. Ke3 Ra3+ 55. Kf4 Ra4+ 56. Re4 Ra6 57. f3 Rf6+ 58. Ke3 Ra6 59. Re5
Ra3+ 60. Kf4 Ra4+ 61. Re4 Ra6 62. g4 Rf6+ 63. Kg3 hxg4 64. fxg4 Ra6 65. h5+ Kg5
66. Re5+ Kh6 67. Kh4 Ra4 68. Re6+ Kh7 69. Kg5 Ra5+ 70. Kh4 Ra4 71. Re5 Rb4 72.
Kg5 Ra4 73. Kf5 Rb4 74. Rc5 Ra4 75. Re5 Rb4 76. Re1 Rb5+ 77. Ke6 Rb4 78. Kf5
Rb5+ 79. Ke6 Rb4 80. Rg1 Kh6 $11 81. Kf5 Rb5+ 82. Kf4 Rb4+ 83. Kg3 Kg5 84. Kh3
Ra4 85. Rg3 Ra1 86. Rb3 Ra5 87. Kg3 Rc5 88. Rf3 Ra5 1/2-1/2

[Event "Bielefelder SK 1 - SF Monheim 1"]
[Site "NRW-Klasse, Gruppe 2 2010/201"]
[Date "2011.04.03"]
[Round "9.1"]
[White "Homuth, Wolfgang"]
[Black "Goeßling, Guido"]
[Result "0-1"]
[WhiteElo "2200"]
[BlackElo "2174"]
[PlyCount "122"]
[EventDate "2011.??.??"]

1. e4 e5 2. Bc4 Nf6 3. d3 Nc6 4. Nf3 Bc5 5. c3 a6 6. Bb3 Ba7 7. h3 d6 8. Nbd2
O-O 9. Nf1 Ne7 10. Ng3 Ng6 11. O-O h6 12. Re1 Be6 13. d4 Qd7 14. Kh2 Bxb3 15.
axb3 Rfe8 16. Bd2 d5 17. exd5 exd4 18. c4 c6 19. dxc6 Qxc6 20. Nf5 Ne4 21. Kg1
Qd7 22. g4 h5 23. Ra5 hxg4 24. hxg4 d3 25. Be3 Bxe3 26. Rxe3 Qc7 27. Qe1 d2 28.
Nxd2 Qxa5 29. Nxe4 Qxe1+ 30. Rxe1 Ne5 31. Kg2 Nxg4 32. f3 Nf6 33. Nfd6 Re6 34.
Nxb7 Nxe4 35. fxe4 Rae8 36. Nc5 Rg6+ 37. Kf3 Re5 38. Nd3 Rh5 39. Nf4 Rf6 40.
Ke3 Rh2 41. Nd5 Re6 42. Kd3 Rh3+ 43. Kc2 Kf8 44. b4 Rg6 45. Re2 Rc6 46. b3 Ke8
47. Kb2 Rch6 48. Ka3 Rh2 49. Re3 R6h3 50. Re1 Rh1 51. Re2 R3h2 52. Nc7+ Kd7 53.
Rxh2 Rxh2 54. Nxa6 g5 55. b5 g4 56. c5 g3 57. c6+ Kd6 58. e5+ Kd5 59. c7 Rh8
60. b6 Kc6 61. Nc5 Kxb6 0-1

[Event "Bielefelder SK 1 - SF Monheim 1"]
[Site "NRW-Klasse, Gruppe 2 2010/201"]
[Date "2011.04.03"]
[Round "9.2"]
[White "Wagenknecht, Uwe"]
[Black "Stoeber, Michael"]
[Result "0-1"]
[WhiteElo "2194"]
[BlackElo "2215"]
[PlyCount "106"]
[EventDate "2011.??.??"]

1. c4 g6 2. Nc3 Bg7 3. d4 Nf6 4. e4 d6 5. Nf3 O-O 6. Be2 Nbd7 7. O-O e5 8. Qc2
c6 9. Rd1 Qe7 10. a3 exd4 11. Nxd4 Nc5 12. f3 a5 13. Bf4 Nh5 14. Nf5 gxf5 15.
Bxd6 Qg5 16. Bxc5 Re8 17. Qd2 Nf4 18. Bf1 Bh6 19. Kh1 Ng6 20. Qxg5 Bxg5 21. g3
Bf6 22. Bd4 Kg7 23. Bxf6+ Kxf6 24. Rd6+ Kg7 25. Rad1 Ne5 26. Kg2 Be6 27. c5
fxe4 28. Nxe4 Bd5 29. Rd4 Nxf3 30. Kxf3 f5 31. Bd3 Re7 32. Kf4 fxe4 33. Bxe4
Rf8+ 34. Ke3 Rfe8 35. Kd3 Bxe4+ 36. Kc3 Bd5 37. b4 Re3+ 38. Rd3 axb4+ 39. axb4
R3e4 40. Rd7+ R8e7 41. Rxe7+ Rxe7 42. b5 Re4 43. Rd4 Re3+ 44. Kd2 Rb3 45. b6
Rb5 46. Rg4+ Kf6 47. Rh4 Kg7 48. Rg4+ Kh8 49. Rf4 Kg7 50. Rg4+ Kf6 51. Rh4 Rxc5
52. Rxh7 Bf7 53. h4 Rh5 0-1

[Event "Bielefelder SK 1 - SF Monheim 1"]
[Site "NRW-Klasse, Gruppe 2 2010/201"]
[Date "2011.04.03"]
[Round "9.3"]
[White "Huelsmann, Josef"]
[Black "Simon, Hans Christian"]
[Result "0-1"]
[WhiteElo "2113"]
[BlackElo "2141"]
[PlyCount "70"]
[EventDate "2011.??.??"]

1. d4 f5 2. e4 fxe4 3. Nc3 Nf6 4. g4 h6 5. f3 d5 6. g5 hxg5 7. Bxg5 Nc6 8. Qd2
Bf5 9. Bg2 e3 10. Bxe3 Nb4 11. Rc1 Qd7 12. Nge2 O-O-O 13. Bf4 Nh5 14. Bg5 g6
15. a3 Nc6 16. f4 Qe6 17. Kf2 Bg7 18. Qe3 Qf7 19. Rhe1 Nf6 20. Bxf6 Bxf6 21.
Ng3 Rxh2 22. Kg1 Rh4 23. Nce2 Bh3 24. Bf3 Bg4 25. Bg2 e6 26. c4 Bh3 27. cxd5
exd5 28. Rc5 Bxg2 29. Kxg2 Qd7 30. Rec1 Be7 31. R5c2 Bd6 32. Qb3 Bxf4 33. Nxf4
Rxf4 34. Rxc6 bxc6 35. Qa4 Rh8 0-1

[Event "Bielefelder SK 1 - SF Monheim 1"]
[Site "NRW-Klasse, Gruppe 2 2010/201"]
[Date "2011.04.03"]
[Round "9.4"]
[White "Forchert, Niko"]
[Black "Vogelmann, Peter"]
[Result "1/2-1/2"]
[WhiteElo "2171"]
[BlackElo "2203"]
[PlyCount "38"]
[EventDate "2011.??.??"]

1. d4 Nf6 2. Nf3 c5 3. c3 e6 4. Bg5 d5 5. e3 Be7 6. Nbd2 Nbd7 7. Bd3 O-O 8. O-O
b6 9. Qb1 h6 10. Bh4 Bb7 11. b4 cxb4 12. cxb4 Rc8 13. Qb2 Ne4 14. Bxe7 Qxe7 15.
Rac1 Qd6 16. a3 Rfd8 17. Rxc8 Rxc8 18. Rc1 Rxc1+ 19. Qxc1 Nxd2 1/2-1/2

[Event "Bielefelder SK 1 - SF Monheim 1"]
[Site "NRW-Klasse, Gruppe 2 2010/201"]
[Date "2011.04.03"]
[Round "9.6"]
[White "Gruettemeier, Uwe"]
[Black "Reinemer, Frank"]
[Result "1/2-1/2"]
[WhiteElo "2090"]
[BlackElo "2111"]
[PlyCount "27"]
[EventDate "2011.??.??"]

1. d4 f5 2. Nf3 Nf6 3. g3 g6 4. Bg2 Bg7 5. O-O d6 6. c4 O-O 7. Nc3 Qe8 8. Be3
Ng4 9. Bg5 h6 10. h3 Nxf2 11. Rxf2 hxg5 12. Nxg5 c6 13. Qd3 Na6 14. Rd1 1/2-1/2

[Event "Bielefelder SK 1 - SF Monheim 1"]
[Site "NRW-Klasse, Gruppe 2 2010/201"]
[Date "2011.04.03"]
[Round "9.7"]
[White "Deppe, Arne"]
[Black "Klosterkamp, Jens-Joris"]
[Result "1/2-1/2"]
[WhiteElo "2043"]
[BlackElo "1792"]
[PlyCount "36"]
[EventDate "2011.??.??"]

1. e4 e5 2. Nf3 Nc6 3. Bb5 Nd4 4. Nxd4 exd4 5. O-O Bc5 6. d3 c6 7. Bc4 d5 8.
exd5 cxd5 9. Bb5+ Bd7 10. Bxd7+ Qxd7 11. Nd2 Ne7 12. Nb3 Bb6 13. Bd2 O-O 14.
Qf3 a5 15. a4 Rfc8 16. c3 dxc3 17. bxc3 Rc6 18. Nc1 Rf6 1/2-1/2

[Event "Bielefelder SK 1 - SF Monheim 1"]
[Site "NRW-Klasse, Gruppe 2 2010/201"]
[Date "2011.04.03"]
[Round "9.8"]
[White "Pellkofer, Christian"]
[Black "Weisshaupt, Rainer"]
[Result "0-1"]
[WhiteElo "1324"]
[BlackElo "1976"]
[PlyCount "56"]
[EventDate "2011.??.??"]

1. e4 e5 2. Bc4 Nf6 3. Nc3 Bc5 4. Nf3 d6 5. d4 exd4 6. Nxd4 Nc6 7. Nf3 h6 8.
Qe2 O-O 9. Na4 Re8 10. Nxc5 dxc5 11. O-O Rxe4 12. Qd3 Qxd3 13. Bxd3 Re7 14. Be3
b6 15. h3 Nb4 16. Rfd1 Bb7 17. Ne1 Rae8 18. Bc4 Nbd5 19. Bd2 Ne4 20. a4 Nxd2
21. Rxd2 Rxe1+ 22. Rxe1 Rxe1+ 23. Kh2 c6 24. Be2 Kf8 25. c4 Nf6 26. Rd8+ Ke7
27. Rd2 Ne4 28. Rc2 Nxf2 0-1

[Event "Kölner SK Dr. Lasker 1 - SC Klein-Berli"]
[Site "NRW-Klasse, Gruppe 2 2010/201"]
[Date "2011.04.03"]
[Round "9.1"]
[White "van Assendelft, Floris"]
[Black "Marcziter, Dmitrii"]
[Result "1/2-1/2"]
[WhiteElo "2359"]
[BlackElo "2243"]
[Annotator "Hausrath,Daniel"]
[PlyCount "101"]
[EventDate "2011.??.??"]

1. Nf3 c5 2. g3 b6 3. Bg2 Bb7 4. c4 Nf6 5. O-O e6 6. Nc3 Be7 7. Re1 O-O 8. e4
d6 9. d4 cxd4 10. Nxd4 Qc8 11. Be3 a6 12. Rc1 Nbd7 13. f4 Qc7 14. g4 Nc5 15.
Bf2 e5 16. Nf5 Qd8 17. Bh4 Ne6 18. Nxe7+ Qxe7 19. f5 g5 20. fxe6 gxh4 21. g5
Ne8 22. Qg4 fxe6 23. Rf1 Ng7 24. Qxh4 Rxf1+ 25. Rxf1 Rf8 26. Qh6 Rxf1+ 27. Bxf1
Bc6 28. Bh3 Bd7 29. Nd1 Qf7 30. Nf2 Qg6 31. Qxg6 hxg6 32. Bg4 Bc6 33. Kf1 Kf7
34. Ke2 Ke7 35. Ke3 d5 36. Nd3 Kd6 37. Nb4 d4+ 38. Kd3 Bb7 39. Nc2 a5 40. a3 a4
41. Bd1 Bc6 42. Ne1 b5 $11 43. cxb5 Bxb5+ 44. Kd2 Bc6 45. Bf3 Ne8 46. h4 Nc7
47. Nd3 Be8 48. Nf2 Na6 49. Ng4 Nc5 50. Nf6 Ke7 51. Ng4 1/2-1/2

[Event "Kölner SK Dr. Lasker 1 - SC Klein-Berli"]
[Site "NRW-Klasse, Gruppe 2 2010/201"]
[Date "2011.04.03"]
[Round "9.2"]
[White "Loseries, Uwe"]
[Black "Ottens, Stephan"]
[Result "1-0"]
[WhiteElo "2096"]
[BlackElo "2162"]
[PlyCount "95"]
[EventDate "2011.??.??"]

1. d4 Nf6 2. c4 g6 3. Nc3 Bg7 4. e4 d6 5. Nf3 O-O 6. Be2 e5 7. O-O Nc6 8. d5
Ne7 9. b4 Nh5 10. Re1 Nf4 11. Bf1 a5 12. bxa5 Rxa5 13. Nd2 f5 14. g3 Nh5 15. a4
Nf6 16. Bg2 h6 17. Nb3 Ra8 18. c5 fxe4 19. cxd6 cxd6 20. Ba3 e3 21. fxe3 Ng4
22. Ne4 Rxa4 23. Bxd6 Rxe4 24. Bxe7 Qxe7 25. Bxe4 Nf2 26. d6 Qf6 27. Rf1 Nxd1
28. Rxf6 Bxf6 29. Rxd1 Bg4 30. Rd3 b6 31. Rc3 Bh3 32. Nd2 Bg5 33. Bxg6 b5 34.
Be4 b4 35. Rd3 Bg4 36. h4 Bd8 37. Nc4 Be2 38. Bd5+ Kg7 39. Rb3 Bxc4 40. Bxc4
Bb6 41. Rxb4 Bxe3+ 42. Kg2 Rf2+ 43. Kh3 Rd2 44. Rb7+ Kg6 45. d7 Kf5 46. Be2 Bg1
47. Rb2 Rd6 48. Rb8 1-0

[Event "Kölner SK Dr. Lasker 1 - SC Klein-Berli"]
[Site "NRW-Klasse, Gruppe 2 2010/201"]
[Date "2011.04.03"]
[Round "9.3"]
[White "Bruemmer, Frank"]
[Black "di Franco, Patricio"]
[Result "1-0"]
[WhiteElo "2184"]
[BlackElo "2053"]
[Annotator "Hausrath,Daniel"]
[PlyCount "55"]
[EventDate "2011.??.??"]

1. d4 g6 2. Nf3 Bg7 3. e4 c5 4. dxc5 Qa5+ 5. c3 Nf6 6. b4 Qc7 7. Bd3 O-O 8. O-O
a5 9. Bb2 d5 10. cxd6 exd6 11. Nbd2 Nh5 12. bxa5 Nf4 13. Bb5 Rxa5 14. a4 Bd7
15. Bxd7 Nxd7 16. Nb3 Rh5 17. Nbd4 Ne5 18. Bc1 Nfd3 19. Nxe5 Nxe5 $11 20. Nb5
Qe7 21. Bf4 Qh4 22. Bg3 Qxe4 23. Re1 Qc4 24. Qxd6 Nd3 25. Re7 Rxb5 26. axb5
Bxc3 27. Rf1 Qxb5 28. Re3 1-0

[Event "Kölner SK Dr. Lasker 1 - SC Klein-Berli"]
[Site "NRW-Klasse, Gruppe 2 2010/201"]
[Date "2011.04.03"]
[Round "9.4"]
[White "van Muenster, Kirsten"]
[Black "Lambrechts, Koen"]
[Result "1-0"]
[WhiteElo "2081"]
[BlackElo "2198"]
[Annotator "Hausrath,Daniel"]
[PlyCount "39"]
[EventDate "2011.??.??"]

1. c4 b6 2. Nc3 Bb7 3. e4 e6 4. g3 f5 5. Bg2 $11 Bb4 6. Nge2 Nf6 7. d3 fxe4 8.
O-O O-O 9. dxe4 $11 Ng4 10. Nf4 Bxc3 11. Qxg4 Bd4 12. Nd3 e5 13. Be3 Bxe3 14.
fxe3 Rxf1+ 15. Rxf1 Qe7 16. Bh3 $11 Bc8 17. Qh5 Nc6 18. Bf5 h6 19. Qg6 Qg5 20.
Qe8# 1-0

[Event "Kölner SK Dr. Lasker 1 - SC Klein-Berli"]
[Site "NRW-Klasse, Gruppe 2 2010/201"]
[Date "2011.04.03"]
[Round "9.5"]
[White "Buendgen, Achim"]
[Black "Hoeren, Andreas"]
[Result "1-0"]
[WhiteElo "2138"]
[BlackElo "2103"]
[Annotator "Hausrath,Daniel"]
[PlyCount "125"]
[EventDate "2011.??.??"]

1. d4 d5 2. c4 e6 3. cxd5 exd5 4. Nc3 c6 5. Qc2 Bd6 6. Nf3 Ne7 7. Bg5 f6 8. Bh4
Bf5 9. Qd2 O-O 10. e3 Re8 11. Bg3 Ng6 12. Be2 Qe7 13. Bxd6 Qxd6 14. h4 Bg4 15.
h5 Nf8 16. Nh4 Bxe2 17. Nxe2 Na6 $11 18. Nf5 Qe6 19. g4 Qd7 20. Nf4 Nc7 21. f3
Nce6 22. Nd3 b6 23. Rc1 Rac8 24. b4 Ng5 25. Kf2 Nf7 26. Nf4 Ne6 27. Nxe6 Rxe6
28. Kg2 Nd6 29. Nxd6 Qxd6 30. Rhe1 Rce8 31. Re2 Qe7 32. Rce1 f5 33. gxf5 Qg5+
34. Kf2 Qxf5 35. Rh1 Rf6 36. f4 Rh6 37. Qc2 Qe6 38. Qc1 Rf6 39. Rh4 Qf5 40. Qg1
Ree6 41. Rg4 g6 42. Rg5 Qh3 43. Qg3 Qxg3+ 44. Kxg3 Rf5 45. hxg6 Rxg5+ 46. fxg5
hxg6 47. Kf3 Re7 48. Rc2 Rc7 49. a4 Kf7 50. Kf4 Ke6 51. Kg4 Kd6 52. Rf2 Re7 53.
Rf6+ Re6 54. Rxe6+ Kxe6 55. b5 Kd6 56. Kf4 cxb5 57. axb5 Ke6 58. e4 Kd6 59. Ke3
Ke6 60. exd5+ Kxd5 61. Kd3 Ke6 62. Ke4 Kd6 63. d5 1-0

[Event "Kölner SK Dr. Lasker 1 - SC Klein-Berli"]
[Site "NRW-Klasse, Gruppe 2 2010/201"]
[Date "2011.04.03"]
[Round "9.6"]
[White "Cramer, Volker"]
[Black "Henneberger, Sven"]
[Result "1-0"]
[WhiteElo "2054"]
[BlackElo "2066"]
[PlyCount "97"]
[EventDate "2011.??.??"]

1. d4 c5 2. Nf3 Nf6 3. c4 cxd4 4. Nxd4 e5 5. Nf3 e4 6. Nd4 Bb4+ 7. Bd2 Bxd2+ 8.
Qxd2 d5 9. cxd5 Nxd5 10. e3 O-O 11. Bc4 a6 12. O-O Nb6 13. Bb3 Qg5 14. Nc3 Re8
15. f3 exf3 16. Rxf3 Be6 17. Nxe6 fxe6 18. Ne4 Qe5 19. Qb4 N8d7 20. Nd6 Rf8 21.
Raf1 Rxf3 22. Rxf3 a5 23. Qd4 Nd5 24. Nxb7 a4 25. Bc4 Rb8 26. Nc5 Qxd4 27. exd4
Nxc5 28. Bxd5 exd5 29. dxc5 Rxb2 30. Rc3 Kf7 31. c6 Rb8 32. Kf2 d4 33. Rc4 Ke6
34. c7 Rc8 35. Ke2 Kd6 36. Kd3 Rxc7 37. Rxc7 Kxc7 38. Kxd4 Kd6 39. Kc4 h5 40.
Kb4 Kd5 41. Kxa4 Kd4 42. Kb5 Ke3 43. a4 Kf2 44. h4 Kg3 45. a5 Kxh4 46. a6 Kg3
47. a7 g5 48. a8=Q g4 49. Qe4 1-0

[Event "Kölner SK Dr. Lasker 1 - SC Klein-Berli"]
[Site "NRW-Klasse, Gruppe 2 2010/201"]
[Date "2011.04.03"]
[Round "9.7"]
[White "Kuempers, Ulrich"]
[Black "Beeker, Detlef"]
[Result "0-1"]
[WhiteElo "2017"]
[BlackElo "2235"]
[PlyCount "72"]
[EventDate "2011.??.??"]

1. d4 Nf6 2. c4 g6 3. Nc3 Bg7 4. e4 d6 5. f4 O-O 6. Nf3 Na6 7. Bd3 Bg4 8. O-O
e5 9. fxe5 Nd7 10. Be3 c5 11. Qd2 Bxf3 12. Bg5 Qa5 13. gxf3 cxd4 14. Nd5 Qxd2
15. Bxd2 Nxe5 16. Be2 d3 17. Bd1 Nxc4 18. Bf4 Bxb2 19. Rb1 Bd4+ 20. Kg2 Be5 21.
Bg5 Nc5 22. Rb4 Nb6 23. Nf6+ Bxf6 24. Bxf6 Rfe8 25. h4 h5 26. Kf2 d5 27. Bd4
Na6 28. Rb5 dxe4 29. Rg1 Rad8 30. Ba1 e3+ 31. Ke1 Rd5 32. Rb1 Nc5 33. Rb4 e2
34. Bb3 d2+ 35. Kf2 e1=Q+ 36. Kg2 Nxb3 0-1

[Event "Kölner SK Dr. Lasker 1 - SC Klein-Berli"]
[Site "NRW-Klasse, Gruppe 2 2010/201"]
[Date "2011.04.03"]
[Round "9.8"]
[White "Mews, Bernhard"]
[Black "Langhanke, Guenther"]
[Result "1-0"]
[WhiteElo "2038"]
[BlackElo "2004"]
[PlyCount "65"]
[EventDate "2011.??.??"]

1. e4 c5 2. Nf3 Nc6 3. d4 cxd4 4. Nxd4 e5 5. Nb5 d6 6. N1c3 a6 7. Na3 b5 8. Nd5
Nge7 9. c4 Nd4 10. cxb5 Nxd5 11. exd5 Qh4 12. bxa6 Be7 13. Be3 O-O 14. Bxd4
exd4 15. Bd3 Bxa6 16. O-O Rfb8 17. Bxa6 Rxa6 18. g3 Qg5 19. Qxd4 Bf6 20. Qd3
Ra5 21. Rad1 Bxb2 22. Nc4 Rxa2 23. Rd2 Qg6 24. Qe2 Qf6 25. Kg2 h5 26. Rb1 h4
27. Rbxb2 h3+ 28. Kxh3 Rbxb2 29. Rxb2 Rxb2 30. Nxb2 Qf5+ 31. Kg2 Qxd5+ 32. Qf3
Qa2 33. Nd3 1-0